LIBRARY & INFORMATION CENTRE, KCAET, TAVANUR

ONLINE PUBLIC ACCESS CATALOGUE (OPAC)

Irrigating the soil / (Record no. 33)

MARC details
000 -LEADER
fixed length control field 00527cam a2200217ua 4500
041 ## - LANGUAGE CODE
Language code of text/sound track or separate title eng
082 ## - DEWEY DECIMAL CLASSIFICATION NUMBER
Classification number 631.456
Item number GRO/IR
100 ## - MAIN ENTRY--AUTHOR NAME
Personal name Gross, Gwen .
245 ## - TITLE STATEMENT
Title Irrigating the soil /
250 ## - EDITION STATEMENT
Edition statement 3 /
260 ## - PUBLICATION, DISTRIBUTION, ETC. (IMPRINT)
Place of publication London :
Name of publisher Longman Group Limited ,
Year of publication 1961.
300 ## - PHYSICAL DESCRIPTION
Number of Pages 40 ; .
490 0# - SERIES STATEMENT
Series statement Farming Series,
Volume number/sequential designation
650 ## - SUBJECT ADDED ENTRY--TOPICAL TERM
Topical Term Soil Science
942 ## - ADDED ENTRY ELEMENTS (KOHA)
Koha item type Books
003 - CONTROL NUMBER IDENTIFIER
control field @
003 - CONTROL NUMBER IDENTIFIER
control field OSt
Holdings
Withdrawn status Lost status Damaged status Home library Current library Date acquired Full call number Accession Number Koha item type
      KAUAET KAUAET 07/04/2012 631.456 12605 Books
free website counter